| 000 | 00672nam a2200241Ia 4500 | ||
|---|---|---|---|
| 003 | OSt | ||
| 005 | 20140315092917.0 | ||
| 008 | 140130s9999 xx 000 0 und d | ||
| 020 | _a0590444085 | ||
| 050 |
_aQC 981.3 _b.G53 1991 |
||
| 100 | _aGibbons, Gail. | ||
| 245 |
_cGail Gibbons. _aWeather words and what they mean / |
||
| 260 |
_bScholastic Inc., _cc1991. _aUSA : |
||
| 300 |
_a30 p. : _bcol. ill. ; _c23 cm. |
||
| 440 | _v1 | ||
| 521 | _aG2 | ||
| 526 | _c450 | ||
| 650 |
_aWeather _xTerminology _xJuvenile literature. |
||
| 650 |
_aMeteorology _xTerminology _xJuvenile literature. |
||
| 650 |
_aWeather _xTerminology. |
||
| 942 |
_cBK _2lcc |
||
| 999 |
_c40399 _d40399 |
||